• 首页
  • 本馆介绍
  • 公告通知
  • 最新文献
  • 馆藏检索
  • 电子资源
  • 读者导购
  • 参考咨询
  • 我的图书馆
  • 登录
  • 详细信息显示
  • 放入我的书架
  • 预约/预借图书
  • 作者相关作品
  • 分类相关作品
  • 丛书相关作品
  • 出版社相关作品

书目信息

  • 表格格式
  • 工作单格式
  • 卡片格式
题名:
周易、论语、孟子、礼记、荀子 上
    
 
作者: 秦明月 , 鲁岳 主编
分册:  
出版信息: 乌鲁木齐   新疆青少年出版社  2005
页数: 243页
开本: 20cm
丛书名:
单 册:
中图分类: B22
科图分类:
主题词: 古代史 , 西汉时代 , 先秦哲学
电子资源:
ISBN: 978-7-5371-3677-8
000 01262nam0 2200421 450
000 01228nam0 2200409 450
000 01191nam0 2200397 450
000 01154nam0 2200385 450
000 01108nam0 2200373 450
000 01071nam0 2200361 450
000 01034nam0 2200349 450
000 01191nam0 2200337 450
000 01114nam0 2200313 45
001 012006061501
005 20080519153752.10
010    @a978-7-5371-3677-8@dCNY37.58
092    @aCN@b496483
100    @a20060615d2005 em y0chiy0120 ea
101 0  @achi
102    @aCN@b650000
105    @ay z 000zy
200 1  @a周易、论语、孟子、礼记、荀子 上@Azhou yi、lun yu、meng zi、li ji、xun zi shang@f秦明月,鲁岳主编@Fqin ming yue, lu yue zhu bian
205    @a修订版
210    @a乌鲁木齐@c新疆青少年出版社@d2005
215    @a243页@d20cm
300    @a中华文学名著百部 第二十六部
606 0  @a古代史
606 0  @a西汉时代
606 0  @a先秦哲学
607    @a中国@x古代史@z西汉时代@j纪传体
607    @a中国
690    @aB22@v4
701  0 @a秦明月@Aqin ming yue@4主编
701  0 @a鲁岳@Alu yue@4主编
801  0 @aCN@bLZJBOOK@c20080519
905    @aBZT@dB22@e14-1
906    @dCNY37.58@n0@r1
    
    周易、论语、孟子、礼记、荀子 上/秦明月,鲁岳主编.-修订版.-乌鲁木齐:新疆青少年出版社,2005
    243页;20cm
    中华文学名著百部 第二十六部
    
    ISBN 978-7-5371-3677-8:CNY37.58
    
●
相关链接 在五车中查询图书 在当当中查询图书 在豆瓣中查询图书


正题名:周易、论语、孟子、礼记、荀子 上     索取号:B22/14-1         预约/预借

序号 登录号 条形码 馆藏地/架位号 状态 备注
1 646887   2000646887   中心书库南/001架B面5层3列/ [索取号:B22/14-1] 在馆    
2 646888   2000646888   中心书库南/001架B面5层3列/ [索取号:B22/14-1] 在馆    
3 646889   2000646889   中心书库南/001架B面5层3列/ [索取号:B22/14-1] 在馆    
4 646890   2000646890   中心书库南/001架B面5层3列/ [索取号:B22/14-1] 在馆    
5 646891   2000646891   中心书库南/001架B面5层3列/ [索取号:B22/14-1] 在馆    
6 649127   2000649127   中心书库南/001架B面5层3列/ [索取号:B22/14-1] 在馆    
7 649128   2000649128   中心书库南/001架B面5层3列/ [索取号:B22/14-1] 在馆    
8 649130   2000649130   中心书库南/001架B面5层3列/ [索取号:B22/14-1] 在馆    
9 649131   2000649131   中心书库南/001架B面5层3列/ [索取号:B22/14-1] 在馆    
山东省滨州职业学院图书馆 欢迎您!
大连网信软件有限公司© 版权所有